[Event "City of Adelaide"]
[Site "Adelaide"]
[Date "2003.08.12"]
[Round "4.6"]
[White "Anderson-Smith, William"]
[Black "Schoech, Franz"]
[Result "1/2-1/2"]
[WhiteElo "1672"]
[BlackElo "1173"]
[PlyCount "92"]
[EventDate "2003.07.22"]
[EventType "swiss"]
[EventRounds "7"]
[EventCountry "AUS"]

1. d4 d5 2. c4 dxc4 3. Nf3 Nf6 4. e3 e6 5. Bxc4 Bd6 6. Nc3 a6 7. a4 Nbd7 8. e4
Bb4 9. Qe2 h6 10. O-O O-O 11. d5 e5 12. Bd2 Qe7 13. Rac1 Nc5 14. b3 Bg4 15. h3
Bh5 16. Nb1 Ncxe4 17. Bxb4 Qxb4 18. g4 Bg6 19. Qb2 Ng5 20. Nxg5 hxg5 21. Qxe5
Qd6 22. Rfe1 Rfe8 23. Qxg5 Ne4 24. Qe3 b5 25. axb5 axb5 26. Bxb5 Re5 27. Bc6
Ra2 28. Nc3 Nxf2 29. Qf3 Nd3 30. Nxa2 Rxe1+ 31. Rxe1 Nxe1 32. Qe3 Nc2 33. Qf2
Nb4 34. Nxb4 Qxb4 35. Qe3 Be4 36. Kf2 Bc2 37. Qe8+ Qf8 38. Qxf8+ Kxf8 39. b4
Ke7 40. Ke3 Kd6 41. Kd4 g6 42. Be8 f6 43. Bb5 Bb3 44. Bc4 Bd1 45. Bd3 Bf3 46.
Be4 Bd1 1/2-1/2

[Event "City of Adelaide"]
[Site "Adelaide"]
[Date "2003.08.12"]
[Round "4.7"]
[White "Peake, Michael"]
[Black "Corti, Mario"]
[Result "1-0"]
[WhiteElo "1514"]
[BlackElo "1411"]
[PlyCount "94"]
[EventDate "2003.07.22"]
[EventType "swiss"]
[EventRounds "7"]
[EventCountry "AUS"]

1. e4 c5 2. Nf3 Nc6 3. d4 cxd4 4. Nxd4 e5 5. Nxc6 bxc6 6. Bd3 Nf6 7. O-O d5 8.
Bg5 Be7 9. exd5 cxd5 10. Bb5+ Bd7 11. Bxf6 Bxf6 12. Qxd5 Bxb5 13. Qxb5+ Qd7 14.
Qxd7+ Kxd7 15. Rd1+ Ke7 16. Na3 Rhd8 17. c3 g6 18. Kf1 Kf8 19. Ke2 Bg7 20.
Rxd8+ Rxd8 21. Rd1 Rb8 22. Nc4 Ke7 23. Kd3 f5 24. Kc2 e4 25. Rd5 Rb7 26. Ra5 f4
27. g3 f3 28. Ne3 Kf7 29. Nd1 h5 30. Ra4 Re7 31. Ne3 Bh6 32. Kd2 Rd7+ 33. Ke1
Rb7 34. b3 Rc7 35. Rxe4 Rxc3 36. Rc4 Rd3 37. Rc7+ Kg8 38. Rxa7 Bxe3 39. fxe3
Rxe3+ 40. Kf2 Rc3 41. h4 g5 42. hxg5 Rc5 43. Kxf3 Rxg5 44. b4 Rf5+ 45. Kg2 Kf8
46. Ra5 Rf6 47. Rxh5 Rc6 1-0

[Event "City of Adelaide"]
[Site "Adelaide"]
[Date "2003.08.19"]
[Round "5.1"]
[White "Short, Andrew"]
[Black "Cowley, Robert G"]
[Result "0-1"]
[WhiteElo "1526"]
[BlackElo "2076"]
[PlyCount "52"]
[EventDate "2003.07.22"]
[EventType "swiss"]
[EventRounds "7"]
[EventCountry "AUS"]

1. e4 c5 2. Nf3 e6 3. d4 cxd4 4. Nxd4 Nf6 5. Bd3 Nc6 6. Nxc6 bxc6 7. Bg5 Be7 8.
O-O d5 9. exd5 cxd5 10. Bb5+ Bd7 11. Bxd7+ Qxd7 12. Nc3 O-O 13. Re1 Rab8 14.
Rb1 Rb4 15. Qd2 Qb7 16. b3 Rc8 17. Bxf6 Bxf6 18. Na4 Rd4 19. Qe2 Re4 20. Qd2
Rxe1+ 21. Rxe1 g6 22. c3 Qb5 23. a3 Qa5 24. Rc1 d4 25. Qf4 Bg5 26. b4 Bxf4 0-1

[Event "City of Adelaide"]
[Site "Adelaide"]
[Date "2003.08.19"]
[Round "5.2"]
[White "Zaric, Srboljub"]
[Black "Haydn, Gavin"]
[Result "1-0"]
[WhiteElo "2169"]
[BlackElo "1441"]
[PlyCount "45"]
[EventDate "2003.07.22"]
[EventType "swiss"]
[EventRounds "7"]
[EventCountry "AUS"]

1. e4 d6 2. d4 Nf6 3. Nc3 g6 4. Be2 Bg7 5. h4 h5 6. Nh3 Nc6 7. Ng5 O-O 8. f3 a6
9. Be3 Bd7 10. Qd2 e5 11. d5 Ne7 12. O-O-O Nh7 13. g4 Nf6 14. Rdg1 Qc8 15. gxh5
Nxh5 16. f4 exf4 17. Bd4 Bxd4 18. Qxd4 c5 19. dxc6 Nxc6 20. Qxd6 Ng3 21. h5 Rd8
22. Qf6 Be6 23. h6 1-0

[Event "City of Adelaide"]
[Site "Adelaide"]
[Date "2003.08.19"]
[Round "5.3"]
[White "Hoile, Robert"]
[Black "Djelaj, Pasko"]
[Result "1-0"]
[WhiteElo "1798"]
[BlackElo "1768"]
[PlyCount "117"]
[EventDate "2003.07.22"]
[EventType "swiss"]
[EventRounds "7"]
[EventCountry "AUS"]

1. d4 Nf6 2. c4 e6 3. Nf3 Be7 4. Nc3 d5 5. Bf4 a6 6. e3 Nbd7 7. Bd3 O-O 8. O-O
c5 9. cxd5 exd5 10. dxc5 Nxc5 11. h3 Re8 12. Rc1 Be6 13. Bb1 Rc8 14. Qe2 Qb6
15. Rfd1 h6 16. Be5 Ncd7 17. Bd4 Qa5 18. Ne5 Nxe5 19. Bxe5 Nd7 20. Qd3 g6 21.
Bf4 Bf8 22. Ne2 Nc5 23. Qd2 Qxd2 24. Rxd2 Ne4 25. Rdc2 Rxc2 26. Rxc2 Nc5 27.
Nd4 g5 28. Nxe6 fxe6 29. Be5 Nd3 30. Bd4 Bd6 31. Kf1 Rf8 32. f3 Nb4 33. Rc1 Nc6
34. Bc3 Kf7 35. Rd1 Bc5 36. Ke2 Rd8 37. h4 gxh4 38. Rh1 Be7 39. Be1 Rg8 40. Kf1
Ne5 41. b3 Rc8 42. Bd2 Ng6 43. Ke2 Bf6 44. e4 Bg5 45. exd5 exd5 46. Rd1 Re8+
47. Kf2 Bxd2 48. Rxd2 Ne7 49. Rd4 h3 50. g4 Rc8 51. Rd1 Rc3 52. Kg3 Kf6 53. Rf1
Kg5 54. Kxh3 Kf4 55. Kg2 Ng6 56. Rd1 Rxf3 57. Rxd5 Rg3+ 58. Kf2 Rxg4 59. Rf5#
1-0

[Event "City of Adelaide"]
[Site "Adelaide"]
[Date "2003.08.19"]
[Round "5.4"]
[White "Amini, Amir"]
[Black "Maksimovic, Mirjan"]
[Result "0-1"]
[WhiteElo "1701"]
[BlackElo "1274"]
[PlyCount "94"]
[EventDate "2003.07.22"]
[EventType "swiss"]
[EventRounds "7"]
[EventCountry "AUS"]

1. e4 e6 2. d4 d5 3. Bd3 c5 4. e5 Nc6 5. Nf3 cxd4 6. O-O Bd7 7. a3 Qc7 8. Qe2
Nge7 9. Re1 Ng6 10. h4 Be7 11. g3 O-O-O 12. Nbd2 Nf8 13. Nb3 h5 14. Nbxd4 Nxd4
15. Nxd4 g5 16. hxg5 h4 17. g4 Bc5 18. Nb3 Bb6 19. Be3 Bc6 20. Bxb6 Qxb6 21.
Qe3 d4 22. Qh3 Ng6 23. Bxg6 fxg6 24. Qd3 h3 25. Kh2 Rhf8 26. Rf1 Bg2 27. f4
Bxf1 28. Rxf1 Qa6 29. Rf3 Qxd3 30. cxd3 Kc7 31. Nc5 Rde8 32. Rxh3 Kc6 33. Nb3
Rxf4 34. Kg3 Ref8 35. Rh6 Rf3+ 36. Kg2 Rf2+ 37. Kg1 Rf1+ 38. Kg2 R8f2+ 39. Kg3
Rf3+ 40. Kg2 R1f2+ 41. Kg1 Kd5 42. Rxg6 Rxb2 43. Na5 Rg3+ 44. Kf1 Rxd3 45. Ke1
Rh3 46. Nb3 Rhxb3 47. Rg8 Rh3 0-1

[Event "City of Adelaide"]
[Site "Adelaide"]
[Date "2003.08.19"]
[Round "5.5"]
[White "Atrens, Edvard"]
[Black "Peake, Michael"]
[Result "1-0"]
[WhiteElo "1054"]
[BlackElo "1514"]
[PlyCount "81"]
[EventDate "2003.07.22"]
[EventType "swiss"]
[EventRounds "7"]
[EventCountry "AUS"]

1. e4 c5 2. Nf3 d6 3. d4 cxd4 4. Nxd4 Nc6 5. Nc3 a6 6. Be3 Nf6 7. Be2 g6 8. Qd2
Bd7 9. O-O-O Qc7 10. f3 Bg7 11. h4 Nh5 12. g4 Ng3 13. Rhg1 Nxe2+ 14. Ndxe2 Be6
15. Nd4 Ne5 16. Nxe6 fxe6 17. Qe2 Rf8 18. Rgf1 Nc6 19. Bd2 Rc8 20. f4 Nb4 21.
Kb1 Nxa2 22. Kxa2 Qa5+ 23. Kb1 Qb4 24. Qd3 Rc6 25. Rf3 Rb6 26. b3 Qa3 27. Bc1
Qa5 28. e5 Kd7 29. Bb2 Rb4 30. Ne4 d5 31. Ng5 Rbxf4 32. Rxf4 Rxf4 33. Qe2 h6
34. Nh3 Rf8 35. Nf2 Qb6 36. Nd3 g5 37. h5 Qc7 38. Rf1 Rc8 39. Rf7 Bf8 40. Qf2
Qd8 41. Nc5+ 1-0

[Event "City of Adelaide"]
[Site "Adelaide"]
[Date "2003.08.19"]
[Round "5.6"]
[White "Utturkar, Ashwin"]
[Black "Schoech, Franz"]
[Result "1-0"]
[WhiteElo "1458"]
[BlackElo "1173"]
[PlyCount "69"]
[EventDate "2003.07.22"]
[EventType "swiss"]
[EventRounds "7"]
[EventCountry "AUS"]

1. d4 d5 2. Nf3 Nf6 3. Bg5 Ne4 4. Bf4 Bf5 5. Nbd2 e6 6. c3 Bd6 7. Bxd6 Qxd6 8.
Nxe4 Bxe4 9. e3 O-O 10. Bd3 f5 11. Bxe4 fxe4 12. Ne5 Nd7 13. Nxd7 Qxd7 14. Qb3
b6 15. O-O Rf6 16. c4 c6 17. Rac1 Raf8 18. Qa4 Qc7 19. cxd5 exd5 20. Qb3 Rh6
21. Qxd5+ Kh8 22. g3 Re8 23. b4 Qc8 24. Qf7 Rf8 25. Qe7 Kg8 26. Qxe4 Rf5 27. f4
Qe6 28. Qxe6+ Rxe6 29. Rfe1 Rff6 30. f5 Re7 31. g4 Rh6 32. Kg2 g6 33. Rxc6 gxf5
34. Rxh6 Kg7 35. Rd6 1-0

[Event "City of Adelaide"]
[Site "Adelaide"]
[Date "2003.08.19"]
[Round "5.7"]
[White "Anderson-Smith, William"]
[Black "Corti, Mario"]
[Result "1/2-1/2"]
[WhiteElo "1672"]
[BlackElo "1411"]
[PlyCount "92"]
[EventDate "2003.07.22"]
[EventType "swiss"]
[EventRounds "7"]
[EventCountry "AUS"]

1. e4 e6 2. d4 d5 3. Bd3 Nf6 4. Bg5 Be7 5. e5 Nfd7 6. Bxe7 Qxe7 7. Nf3 c5 8. c3
Nc6 9. O-O f5 10. exf6 Nxf6 11. Re1 O-O 12. Nbd2 cxd4 13. Nxd4 Nxd4 14. cxd4
Bd7 15. Rc1 Rac8 16. Rxc8 Rxc8 17. a3 Qf7 18. Nf3 Rc7 19. Ne5 Qe8 20. Qe2 a6
21. h3 Bc8 22. Qd2 Qe7 23. f4 Nd7 24. Qf2 Nxe5 25. fxe5 g6 26. Qe2 b5 27. Qe3
Kg7 28. Rc1 Bb7 29. Rxc7 Qxc7 30. Qg5 Qf7 31. h4 h6 32. Qe3 Ba8 33. g4 Bb7 34.
g5 h5 35. Qf2 Qxf2+ 36. Kxf2 Bc6 37. Ke1 a5 38. Kd2 b4 39. Ba6 Ba4 40. Bd3 Kf7
41. axb4 axb4 42. Bc2 Bb5 43. Bd3 Ba4 44. Bc2 Bb5 45. Kc1 Bf1 46. Kd2 Bb5
1/2-1/2

[Event "City of Adelaide"]
[Site "Adelaide"]
[Date "2003.08.26"]
[Round "6.1"]
[White "Cowley, Robert G"]
[Black "Maksimovic, Mirjan"]
[Result "1-0"]
[WhiteElo "2076"]
[BlackElo "1274"]
[PlyCount "84"]
[EventDate "2003.07.22"]
[EventType "swiss"]
[EventRounds "7"]
[EventCountry "AUS"]

1. e4 e6 2. d4 d5 3. Nd2 c5 4. exd5 cxd4 5. Ngf3 Nf6 6. Bb5+ Bd7 7. Bxd7+ Qxd7
8. dxe6 Qxe6+ 9. Qe2 Qxe2+ 10. Kxe2 Nc6 11. Nb3 d3+ 12. cxd3 Bd6 13. Be3 O-O
14. Rhd1 Rfe8 15. Kf1 b6 16. h3 Nb4 17. Bg5 Nfd5 18. a3 Na6 19. Rac1 h6 20. Rc6
Bc7 21. Bd2 Nb8 22. Rc4 Nd7 23. Rdc1 Bd8 24. Rc8 Bf6 25. Rxa8 Rxa8 26. d4 Nf8
27. Ke2 Ne6 28. g3 Re8 29. Kd3 Nec7 30. Rc6 Nb5 31. Be3 Kh7 32. Nbd2 Be7 33.
Ne5 Nbc7 34. Nxf7 Na6 35. Rc1 Nxe3 36. fxe3 Kg8 37. Ne5 Bd8 38. Rc8 Nc7 39. Ne4
Ne6 40. d5 Nc7 41. Nc6 Bf6 42. Nxf6+ gxf6 1-0

[Event "City of Adelaide"]
[Site "Adelaide"]
[Date "2003.08.26"]
[Round "6.2"]
[White "Hoile, Robert"]
[Black "Zaric, Srboljub"]
[Result "0-1"]
[WhiteElo "1798"]
[BlackElo "2169"]
[PlyCount "96"]
[EventDate "2003.07.22"]
[EventType "swiss"]
[EventRounds "7"]
[EventCountry "AUS"]

1. d4 Nf6 2. c4 e5 3. dxe5 Ne4 4. a3 Nc6 5. Nf3 d6 6. Nbd2 Bf5 7. Qc2 Ng3 8. e4
Nxh1 9. exf5 dxe5 10. g3 Qd7 11. Ne4 O-O-O 12. Bg2 Nxf2 13. Kxf2 Kb8 14. Bg5 f6
15. Nxf6 gxf6 16. Bxf6 Bc5+ 17. Kf1 e4 18. Nh4 Rhe8 19. b4 Bd4 20. Rd1 e3 21.
Qe2 Bxf6 22. Rxd7 Rxd7 23. Bxc6 bxc6 24. Nf3 h5 25. c5 Rd5 26. b5 Kb7 27. bxc6+
Ka8 28. Kg2 Rxc5 29. Kh3 Ra5 30. Ng1 Rxf5 31. Qd3 Rfe5 32. Ne2 R5e7 33. Kg2 Be5
34. Qg6 Rh8 35. Qg5 Bd6 36. Qf6 Rb8 37. Qc3 Re5 38. a4 a6 39. Qd3 Ka7 40. Qd4+
Rb6 41. Nc3 e2 42. Nxe2 Rxe2+ 43. Kf3 Re5 44. h3 a5 45. g4 hxg4+ 46. hxg4 Rc5
47. Qd2 Rb4 48. g5 Rf5+ 0-1

[Event "City of Adelaide"]
[Site "Adelaide"]
[Date "2003.08.26"]
[Round "6.3"]
[White "Short, Andrew"]
[Black "Atrens, Edvard"]
[Result "1-0"]
[WhiteElo "1526"]
[BlackElo "1054"]
[PlyCount "113"]
[EventDate "2003.07.22"]
[EventType "swiss"]
[EventRounds "7"]
[EventCountry "AUS"]

1. e4 c5 2. Nf3 d6 3. d4 cxd4 4. Nxd4 Nf6 5. Nc3 a6 6. Be3 e5 7. Nb3 Be6 8. f3
Be7 9. g4 Nfd7 10. Qd2 h6 11. O-O-O b5 12. Nd5 Bh4 13. Na5 Nc5 14. b4 Na4 15.
Nb7 Qd7 16. Nxd6+ Kf8 17. Nc3 Nc6 18. Nxa4 bxa4 19. a3 Kg8 20. Nf5 Qxd2+ 21.
Rxd2 Bf6 22. Rd6 Nb8 23. c4 Kh7 24. c5 Rc8 25. h4 Bd8 26. g5 h5 27. Be2 g6 28.
Ng3 Nc6 29. Bd1 Na7 30. Bxa4 Nb5 31. Bxb5 axb5 32. Kb2 Be7 33. Rd2 Rc6 34. Ne2
Kg7 35. Nc3 Rb8 36. Rhd1 Rcc8 37. f4 exf4 38. Bxf4 Rb7 39. Be5+ Kg8 40. Nd5 Bd8
41. Nf6+ Bxf6 42. Bxf6 Rbb8 43. Rd8+ Rxd8 44. Rxd8+ Rxd8 45. Bxd8 Kf8 46. c6
Ke8 47. Bf6 Bc4 48. Kc3 Be2 49. Kd4 Bf1 50. Kc5 Bg2 51. e5 Bf1 52. Kb6 Bc4 53.
Kc7 Be6 54. Kb8 Bh3 55. c7 Be6 56. c8=Q+ Bxc8 57. Kxc8 1-0

[Event "City of Adelaide"]
[Site "Adelaide"]
[Date "2003.08.26"]
[Round "6.4"]
[White "Haydn, Gavin"]
[Black "Utturkar, Ashwin"]
[Result "0-1"]
[WhiteElo "1441"]
[BlackElo "1458"]
[PlyCount "74"]
[EventDate "2003.07.22"]
[EventType "swiss"]
[EventRounds "7"]
[EventCountry "AUS"]

1. d4 c5 2. d5 e6 3. c4 Nf6 4. Nc3 exd5 5. cxd5 d6 6. e4 g6 7. f4 Nbd7 8. Bb5
a6 9. Bxd7+ Nxd7 10. a4 Bg7 11. Nf3 O-O 12. O-O Re8 13. Re1 Rb8 14. Qd3 Qc7 15.
b3 b5 16. axb5 axb5 17. Nxb5 Rxb5 18. Qxb5 Bxa1 19. Bd2 Bg7 20. Qa4 Bb7 21. Ba5
Qc8 22. Rc1 Nf6 23. Re1 Qd7 24. Qxd7 Nxd7 25. Bc7 Bf8 26. Kf2 Rc8 27. Ba5 Bg7
28. Nd2 Ba6 29. Nf3 Nf6 30. e5 dxe5 31. d6 e4 32. Ne5 Bb5 33. Rd1 Nd7 34. Re1
Nxe5 35. fxe5 Bxe5 36. Bc7 f5 37. d7 Bd4+ 0-1

[Event "City of Adelaide"]
[Site "Adelaide"]
[Date "2003.08.26"]
[Round "6.5"]
[White "Djelaj, Pasko"]
[Black "Eckermann, Andrew"]
[Result "1/2-1/2"]
[WhiteElo "1768"]
[BlackElo "1323"]
[PlyCount "107"]
[EventDate "2003.07.22"]
[EventType "swiss"]
[EventRounds "7"]
[EventCountry "AUS"]

1. d4 Nf6 2. Nf3 e6 3. c4 c5 4. d5 d6 5. Nc3 exd5 6. cxd5 Bf5 7. Nd2 a6 8. a4
Nbd7 9. e4 Bg6 10. Be2 Be7 11. O-O O-O 12. f4 h6 13. Bf3 Rc8 14. Re1 Ne8 15.
Kh1 Bh7 16. Nc4 Bf6 17. Ra3 Bxc3 18. Rxc3 b5 19. axb5 axb5 20. Nd2 f6 21. Be2
b4 22. Rg3 Kh8 23. b3 f5 24. exf5 Bxf5 25. Bb2 Ra8 26. Bc4 Nef6 27. Re6 Bxe6
28. dxe6 Nb6 29. Qe1 Qe7 30. f5 d5 31. Be2 d4 32. Bf3 Rad8 33. Rg6 Nbd5 34. Qh4
Ne3 35. g4 Nfd5 36. Qg3 Rf6 37. Rxf6 Qxf6 38. h4 Qf7 39. Ne4 Qc7 40. Qxc7 Nxc7
41. Nxc5 d3 42. f6 Kg8 43. f7+ Kf8 44. Nd7+ Ke7 45. f8=Q+ Rxf8 46. Nxf8 Kxf8
47. Bc1 Ncd5 48. Be4 Ke7 49. Bxd3 Nxg4 50. Kg2 Kxe6 51. Kg3 Ne5 52. Ba6 Nc3 53.
Bb7 Kf7 54. Be3 1/2-1/2

[Event "City of Adelaide"]
[Site "Adelaide"]
[Date "2003.08.26"]
[Round "6.6"]
[White "Anderson-Smith, William"]
[Black "Amini, Amir"]
[Result "1/2-1/2"]
[WhiteElo "1667"]
[BlackElo "1710"]
[PlyCount "142"]
[EventDate "2003.07.22"]
[EventType "swiss"]
[EventRounds "7"]
[EventCountry "AUS"]

1. d4 Nf6 2. c4 c5 3. d5 b5 4. cxb5 a6 5. f3 d6 6. e4 g6 7. a4 Bg7 8. Nc3 O-O
9. Bc4 axb5 10. Bxb5 Ba6 11. Nge2 Bxb5 12. Nxb5 Nbd7 13. Nec3 Qb6 14. Be3 Qa5
15. O-O Nb6 16. b3 Rfc8 17. Bd2 Ne8 18. Nb1 Qa6 19. Bc3 c4 20. Bxg7 Nxg7 21.
N1c3 cxb3 22. Qxb3 Nc4 23. Ra2 Nh5 24. Rfa1 Qa5 25. Ne2 Qb6+ 26. Kh1 Na5 27.
Qd1 Rc4 28. Ned4 Rac8 29. Rc2 Qc5 30. Rac1 Qb4 31. Rxc4 Rxc4 32. Rxc4 Qxc4 33.
g3 Nf6 34. Kg2 Nd7 35. Qc2 Nb6 36. Qxc4 Naxc4 37. Nc6 Nxa4 38. Nxe7+ Kf8 39.
Nc8 f5 40. Ncxd6 Nxd6 41. Nxd6 fxe4 42. fxe4 Ke7 43. Nc4 Nc3 44. Kf3 g5 45. h3
h5 46. g4 h4 47. Ne3 Kd6 48. Nf5+ Ke5 49. d6 Ke6 50. e5 Nd5 51. Ne3 Nf4 52. Ke4
Nxh3 53. Nc2 Nf4 54. Ne1 Kd7 55. Kf5 h3 56. Nf3 Nd3 57. Nh2 Kc6 58. Kf6 Kd7 59.
Nf3 Kc6 60. Ke7 h2 61. Nxh2 Nxe5 62. Ke6 Nd7 63. Nf3 Nc5+ 64. Ke7 Kd5 65. Nxg5
Ke5 66. Nf7+ Kf4 67. g5 Kf5 68. Ke8 Kg6 69. Ke7 Kf5 70. Kd8 Kg6 71. Ke7 Kf5
1/2-1/2

[Event "City of Adelaide"]
[Site "Adelaide"]
[Date "2003.09.02"]
[Round "7.1"]
[White "Utturkar, Ashwin"]
[Black "Cowley, Robert G"]
[Result "1/2-1/2"]
[WhiteElo "1458"]
[BlackElo "2076"]
[PlyCount "40"]
[EventDate "2003.07.22"]
[EventType "swiss"]
[EventRounds "7"]
[EventCountry "AUS"]

1. d4 e6 2. Nf3 f5 3. Bf4 Nf6 4. e3 Be7 5. Bd3 d6 6. Nbd2 O-O 7. Qe2 Nc6 8. c3
Nh5 9. Ng1 Nxf4 10. exf4 Bf6 11. Ngf3 e5 12. fxe5 dxe5 13. dxe5 Nxe5 14. Nxe5
Bxe5 15. Bc4+ Kh8 16. O-O-O Qf6 17. Kb1 Rb8 18. Nf3 Bd6 19. Nd4 Bd7 20. Nb5
Bxb5 1/2-1/2

[Event "City of Adelaide"]
[Site "Adelaide"]
[Date "2003.09.02"]
[Round "7.2"]
[White "Zaric, Srboljub"]
[Black "Short, Andrew"]
[Result "1-0"]
[WhiteElo "2169"]
[BlackElo "1526"]
[PlyCount "95"]
[EventDate "2003.07.22"]
[EventType "swiss"]
[EventRounds "7"]
[EventCountry "AUS"]

1. Nf3 g6 2. e4 d6 3. d4 Bg7 4. Nc3 Nf6 5. Bg5 O-O 6. Qd2 c6 7. Bh6 b5 8. Bxg7
Kxg7 9. Bd3 Qb6 10. Ne2 c5 11. c3 c4 12. Bc2 Bb7 13. Ng3 d5 14. e5 Ne4 15. Qf4
b4 16. Nxe4 dxe4 17. Bxe4 Nd7 18. Bxb7 Qxb7 19. O-O bxc3 20. bxc3 Rab8 21. h4
Qb2 22. Rfc1 Qe2 23. Qd2 Rb2 24. Qxe2 Rxe2 25. Kf1 Rb2 26. Ke1 Rfb8 27. Nd2 Nb6
28. a4 a5 29. g3 f6 30. f4 h6 31. Rcb1 Nxa4 32. Rxb2 Nxb2 33. Rxa5 fxe5 34.
fxe5 Rf8 35. Ke2 Rc8 36. Ra7 Kf8 37. Ra6 Kg7 38. g4 Rc7 39. h5 gxh5 40. gxh5
Nd3 41. Ke3 Ne1 42. Rg6+ Kh7 43. d5 Nc2+ 44. Ke4 Na3 45. d6 Rd7 46. Kd5 Rb7 47.
Ne4 exd6 48. Nf6+ 1-0

[Event "City of Adelaide"]
[Site "Adelaide"]
[Date "2003.09.02"]
[Round "7.3"]
[White "Maksimovic, Mirjan"]
[Black "Hoile, Robert"]
[Result "1/2-1/2"]
[WhiteElo "1274"]
[BlackElo "1798"]
[PlyCount "69"]
[EventDate "2003.07.22"]
[EventType "swiss"]
[EventRounds "7"]
[EventCountry "AUS"]

1. e4 e5 2. Nf3 Nc6 3. Bb5 a6 4. Ba4 Nf6 5. O-O b5 6. Bb3 Bc5 7. c3 d6 8. d4
Bb6 9. Ng5 O-O 10. Kh1 h6 11. Nxf7 Rxf7 12. Bxf7+ Kxf7 13. Qb3+ Kf8 14. d5 Ne7
15. Nd2 Ng6 16. f3 Kg8 17. a4 bxa4 18. Rxa4 Nh5 19. Nc4 Ba7 20. Be3 Rb8 21. Rb4
Rxb4 22. Qxb4 Bxe3 23. Nxe3 Kh7 24. Qb8 Qg5 25. Qxc8 Qxe3 26. Qxa6 Nhf4 27. Rb1
Nd3 28. h3 Ngf4 29. Qc8 h5 30. h4 Qf2 31. Qf5+ Kh6 32. Qg5+ Kh7 33. Ra1 Ne1 34.
Qf5+ Kh6 35. Qg5+ 1/2-1/2

[Event "City of Adelaide"]
[Site "Adelaide"]
[Date "2003.09.02"]
[Round "7.4"]
[White "Peake, Michael"]
[Black "Djelaj, Pasko"]
[Result "0-1"]
[WhiteElo "1514"]
[BlackElo "1768"]
[PlyCount "142"]
[EventDate "2003.07.22"]
[EventType "swiss"]
[EventRounds "7"]
[EventCountry "AUS"]

1. e4 e5 2. Nf3 Nc6 3. Bb5 a6 4. Ba4 Nf6 5. d3 d6 6. h3 b5 7. Bb3 Be6 8. c3 Qd7
9. Bxe6 fxe6 10. O-O Be7 11. Na3 O-O 12. Be3 d5 13. exd5 exd5 14. Nc2 Kh8 15.
Qe2 Rad8 16. Rfd1 h6 17. Re1 Rde8 18. Rad1 Bd6 19. Qf1 g5 20. Nh2 Nh5 21. g4
Nf6 22. Qg2 Qf7 23. Re2 Ne7 24. Ne1 Ng6 25. Nef3 c5 26. d4 cxd4 27. cxd4 e4 28.
Ne5 Nxe5 29. dxe5 Bxe5 30. Bd4 Bxd4 31. Rxd4 Qa7 32. Red2 e3 33. fxe3 Rxe3 34.
Qf2 Ree8 35. R4d3 Qxf2+ 36. Rxf2 Kg7 37. Nf1 Re5 38. Ne3 Rc8 39. Nf5+ Kg6 40.
Rfd2 h5 41. Ng3 hxg4 42. hxg4 Rc1+ 43. Kg2 Nxg4 44. Ne2 Rc4 45. Nc3 Nf6 46. Kf3
Rf4+ 47. Kg2 Rff5 48. a3 Nh5 49. Kh2 Nf4 50. Rg3 Rf8 51. Rd1 a5 52. b4 axb4 53.
axb4 Rh8+ 54. Kg1 Rc8 55. Kf1 Rc4 56. Nxb5 Rxb4 57. Nd4 Re4 58. Nf3 Ne6 59.
Rxd5 Rb1+ 60. Kf2 Kf6 61. Nxg5 Rb2+ 62. Kf1 Ra4 63. Ke1 Nxg5 64. Rgd3 Raa2 65.
Rd6+ Kf5 66. R3d5+ Kf4 67. Rd4+ Ne4 68. Rf6+ Ke3 69. Rc4 Re2+ 70. Kd1 Rad2+ 71.
Kc1 Re1# 0-1

[Event "City of Adelaide"]
[Site "Adelaide"]
[Date "2003.09.02"]
[Round "7.5"]
[White "Schoech, Franz"]
[Black "Haydn, Gavin"]
[Result "0-1"]
[WhiteElo "1173"]
[BlackElo "1441"]
[PlyCount "64"]
[EventDate "2003.07.22"]
[EventType "swiss"]
[EventRounds "7"]
[EventCountry "AUS"]

1. e4 d6 2. Nc3 Nf6 3. d4 g6 4. Bf4 Nh5 5. Bg5 h6 6. Bh4 Bg7 7. Bc4 Nc6 8. Nge2
Na5 9. Bb3 O-O 10. Qd2 Nc6 11. f3 Nf6 12. Nf4 Na5 13. Nfd5 c6 14. Nxf6+ exf6
15. O-O Nxb3 16. axb3 b5 17. d5 Qc7 18. dxc6 Be6 19. Nxb5 Qxc6 20. Nxa7 Qb7 21.
Bf2 Rfd8 22. Bd4 d5 23. Rfe1 dxe4 24. Rxe4 Rxa7 25. Rxa7 Qxa7 26. Qc3 Qe7 27.
Re1 Rd7 28. f4 Qd8 29. Bb6 Qxb6+ 30. Kf1 Qc7 31. Qf3 Qxc2 32. Re2 Qxb3 0-1

[Event "City of Adelaide"]
[Site "Adelaide"]
[Date "2003.09.02"]
[Round "7.6"]
[White "Corti, Mario"]
[Black "Atrens, Edvard"]
[Result "1-0"]
[WhiteElo "1411"]
[BlackElo "1054"]
[PlyCount "89"]
[EventDate "2003.07.22"]
[EventType "swiss"]
[EventRounds "7"]
[EventCountry "AUS"]

1. e4 c5 2. Nf3 d6 3. d4 cxd4 4. Nxd4 Nf6 5. Nc3 a6 6. Be2 e5 7. Nb3 Be6 8. Bg5
Be7 9. Qd2 Nbd7 10. O-O O-O 11. h3 Qc7 12. Rad1 Rac8 13. Be3 b5 14. a3 Rfd8 15.
Rfe1 Nb6 16. Bxb6 Qxb6 17. Bf3 Qc7 18. Rc1 Bc4 19. Qe3 Be6 20. Red1 Bf8 21. Nd5
Nxd5 22. exd5 Bd7 23. c3 Be7 24. g4 h6 25. Bg2 Bg5 26. Qe4 Bxc1 27. Nxc1 Qc4
28. Qe3 Qc5 29. Qd2 Re8 30. Be4 Rcd8 31. Ne2 Qc7 32. Ng3 Bc8 33. Bc2 Qc4 34. b3
Qf4 35. Qd3 g6 36. Re1 Qg5 37. Ne4 Qe7 38. Ng3 Qg5 39. Ne4 Qe7 40. Qe3 Kg7 41.
Ng3 Rf8 42. f4 Qh4 43. fxe5 Rfe8 44. Qf2 Rxe5 45. Nf5+ 1-0